Les mémoires de J. E. Bernier
Gespeichert in:
| 1. Verfasser: | |
|---|---|
| Format: | Buch |
| Sprache: | Undetermined |
| Veröffentlicht: |
Montreal, Canadá
Quinze
1983
|
| Schlagworte: | |
| Tags: |
Tag hinzufügen
Keine Tags, Fügen Sie den ersten Tag hinzu!
|
MARC
| LEADER | 00000nam a2200000Ia 4500 | ||
|---|---|---|---|
| 008 | 170316s9999 xx 000 0 und d | ||
| 040 | |a cru BVZT | ||
| 090 | |a 818 B-7m | ||
| 100 | |a Bernier, J. E. | ||
| 245 | |a Les mémoires de J. E. Bernier |c Paul Terrien, traductor | ||
| 260 | |a Montreal, Canadá | ||
| 260 | |b Quinze | ||
| 260 | |c 1983 | ||
| 300 | |a 205 páginas | ||
| 650 | |a LITERATURA CANADIENSE | ||
| 999 | |c 6367 |d 6367 | ||
| 942 | |c 15 D |h 818 B-7m |2 z | ||
